Library Logo

Pioneer International University Library Catalogue

VGM Business portraits: (Record no. 9972)

MARC details
000 -LEADER
fixed length control field 00551nam a22001697a 4500
003 - CONTROL NUMBER IDENTIFIER
control field OSt
005 - DATE AND TIME OF LATEST TRANSACTION
control field 20260312102431.0
008 - FIXED-LENGTH DATA ELEMENTS--GENERAL INFORMATION
fixed length control field 260312b |||||||| |||| 00| 0 eng d
020 ## - INTERNATIONAL STANDARD BOOK NUMBER
International Standard Book Number 0844247812
040 ## - CATALOGING SOURCE
Transcribing agency VGM Career Horizons
050 ## - LIBRARY OF CONGRESS CALL NUMBER
Classification number HD 9696 .A8644 1997
Item number .A8644 1997
245 ## - TITLE STATEMENT
Title VGM Business portraits:
Remainder of title Apple/
Statement of responsibility, etc. Gould William
250 ## - EDITION STATEMENT
Edition statement 1st edition
260 ## - PUBLICATION, DISTRIBUTION, ETC.
Place of publication, distribution, etc. CHICAGO:
Name of publisher, distributor, etc. VGM Career Horizons,
Date of publication, distribution, etc. 1947.
300 ## - PHYSICAL DESCRIPTION
Extent 48 pages,
Other physical details hardcover, includes bibliographic references and index,
Dimensions ill. : som col, 24 cm.
942 ## - ADDED ENTRY ELEMENTS (KOHA)
Source of classification or shelving scheme Library of Congress Classification
Koha item type Books
Edition 1st ed.
Suppress in OPAC No
Holdings
Withdrawn status Lost status Source of classification or shelving scheme Damaged status Not for loan Home library Current library Date acquired Total checkouts Full call number Barcode Date last seen Price effective from Koha item type
    Library of Congress Classification     PIU Library Main Library 03/12/2026   HD 9696 .A864 1997 PIUDLMUR954 03/12/2026 03/12/2026 Books